[Event "Verden op-B"]
[Site "Verden"]
[Date "2023.01.08"]
[Round "7"]
[White "Wander, Dennis"]
[Black "Warnig, Marcel"]
[Result "1-0"]
[WhiteElo "1596"]
[BlackElo "1475"]
[PlyCount "93"]
[EventDate "2023.01.05"]
[EventType "swiss"]
[EventRounds "7"]
[EventCountry "GER"]
[SourceTitle "CBM 212 Extra"]
[Source "ChessBase"]
[SourceDate "2023.03.31"]
[SourceVersion "1"]
[SourceVersionDate "2023.03.31"]
[SourceQuality "1"]

1. e4 c5 2. Nf3 Nc6 3. d4 cxd4 4. Nxd4 g6 5. c4 Bg7 6. Be3 Nf6 7. Nc3 0-0 8. Be2 d6 9. 0-0 Bd7 10. Qd2 Nxd4 11. Bxd4 Bc6 12. f3 a5 13. b3 Nd7 14. Be3 Nc5 15. Rac1 Qb6 16. Nd5 Bxd5 17. cxd5 Qb4 18. Rc4 Qxd2 19. Bxd2 b5 20. Rc2 Bd4+ 21. Kh1 b4 22. Rc4 Bb2 23. Rb1 Bg7 24. Rbc1 Rfc8 25. R4c2 Rab8 26. g3 h5 27. Kg2 Kh7 28. f4 Re8 29. Kf3 Rb7 30. e5 Ra8 31. Be3 a4 32. Bxc5 dxc5 33. Rxc5 axb3 34. axb3 Ra3 35. Bc4 Ra2 36. h4 f6 37. Re1 fxe5 38. fxe5 Rb8 39. Re2 Rf8+ 40. Ke3 Bh6+ 41. Ke4 Ra1 42. Rc7 Rg1 43. Rxe7+ Kh8 44. d6 Rxg3 45. d7 Rgf3 46. Re8 Kg7 47. d8Q 1-0

[Event "Main Vogelsberg op 15th"]
[Site "Waechtersbach"]
[Date "2021.10.02"]
[Round "3.20"]
[White "Mainka, Susanne"]
[Black "Wander, Dennis"]
[Result "0-1"]
[WhiteElo "1158"]
[BlackElo "1714"]
[PlyCount "92"]
[EventDate "2021.10.01"]
[EventType "swiss"]
[EventRounds "5"]
[EventCountry "GER"]
[SourceTitle "EXT 2023"]
[Source "ChessBase"]
[SourceDate "2022.10.05"]
[SourceVersion "1"]
[SourceVersionDate "2022.10.05"]
[SourceQuality "1"]

1. d4 d5 2. e3 Nf6 3. Nf3 Bf5 4. b3 e6 5. Nbd2 c5 6. c4 Nc6 7. Be2 dxc4 8. Nxc4 cxd4 9. Nxd4 Nxd4 10. exd4 Bb4+ 11. Bd2 Bxd2+ 12. Qxd2 0-0 13. 0-0 Ne4 14. Qe3 Rc8 15. Bf3 b5 16. Ne5 Nf6 17. Nc6 Qd7 18. Rac1 Rfe8 19. Ne5 Qd6 20. Bb7 Nd5 21. Qd2 Rc7 22. Rc6 Rxc6 23. Bxc6 Rb8 24. Rc1 f6 25. Nd7 Rd8 26. Qa5 Rxd7 27. Bxd7 Qxd7 28. Rc5 Bd3 29. a4 bxa4 30. b4 Nb6 31. b5 Qxd4 32. Rc1 Qb2 33. Qe1 Bf5 34. h3 e5 35. Qd1 h6 36. Rc7 Qxb5 37. Qh5 Qb1+ 38. Kh2 Bd7 39. Rb7 a3 40. Rb8+ Kh7 41. Qf7 Bc8 42. Qxa7 a2 43. Rxb6 a1Q 44. Qc7 Qg1+ 45. Kg3 Qa3+ 46. f3 Qe1+ 0-1

[Event "GER-chT U16"]
[Site "Willingen"]
[Date "2021.06.26"]
[Round "6.3"]
[White "Khanbekyan, Areg"]
[Black "Wander, Dennis"]
[Result "1/2-1/2"]
[WhiteElo "1576"]
[BlackElo "1595"]
[PlyCount "106"]
[EventDate "2021.06.23"]
[EventType "team-swiss"]
[EventRounds "7"]
[EventCountry "GER"]
[SourceTitle "CBM 203 Extra"]
[Source "ChessBase"]
[SourceDate "2021.09.30"]
[SourceVersion "1"]
[SourceVersionDate "2021.09.30"]
[SourceQuality "1"]
[WhiteTeam "Greifswald"]
[BlackTeam "Delmenhorst"]
[WhiteTeamCountry "GER"]
[BlackTeamCountry "GER"]

1. e4 d5 2. exd5 Qxd5 3. Nc3 Qa5 4. d4 Nf6 5. Nf3 Bg4 6. Be2 Nc6 7. 0-0 Bxf3 8. Bxf3 0-0-0 9. Bxc6 bxc6 10. Qf3 Rxd4 11. Qxc6 Qb6 12. Qa8+ Qb8 13. Qf3 Qb7 14. Qxb7+ Kxb7 15. Be3 Rd6 16. Bf4 Rd4 17. Bxc7 Rd2 18. Be5 g6 19. Rfd1 Bh6 20. Rxd2 Bxd2 21. Rd1 Bxc3 22. Bxc3 Rc8 23. f3 Rc7 24. Kf2 Ne8 25. Rd2 Nd6 26. Be5 Kc6 27. Rd3 Kd7 28. Rc3 Rb7 29. Bxd6 exd6 30. b3 f5 31. Ke3 Ke6 32. Kd4 h6 33. Re3+ Kd7 34. c4 a5 35. Kd5 Rc7 36. a3 Rc5+ 37. Kd4 f4 38. Re2 Rf5 39. b4 axb4 40. axb4 g5 41. b5 h5 42. h3 h4 43. b6 Rf8 44. Kd5 Rf5+ 45. Kd4 Rf8 46. c5 dxc5+ 47. Kxc5 Rf5+ 48. Kb4 Kc6 49. Re6+ Kb7 50. Rg6 Re5 51. Kc4 Ra5 52. Kd4 Rb5 53. Ke4 Rc5 1/2-1/2

[Event "GER-chT Christmas U20"]
[Site "Playchess.com INT"]
[Date "2020.12.29"]
[Round "4.3"]
[White "Eull, Emil"]
[Black "Wander, Dennis"]
[Result "1-0"]
[WhiteElo "1662"]
[BlackElo "1595"]
[PlyCount "99"]
[EventDate "2020.12.29"]
[EventType "team-swiss (blitz)"]
[EventRounds "7"]
[EventCountry "GER"]
[SourceTitle "CBM 200 Extra"]
[Source "ChessBase"]
[SourceDate "2021.03.31"]
[SourceVersion "1"]
[SourceVersionDate "2021.03.31"]
[SourceQuality "1"]
[WhiteTeam "Neuberg"]
[BlackTeam "Delmenhorst"]
[WhiteTeamCountry "GER"]
[BlackTeamCountry "GER"]

1. c4 Nf6 2. Nc3 Nc6 3. Nf3 e5 4. e3 d5 5. cxd5 Nxd5 6. Bb5 f6 7. Qa4 Qd6 8. e4 Nb6 9. Bxc6+ bxc6 10. Qc2 Ba6 11. Ne2 Bd3 12. Qb3 Bxe4 13. 0-0 Bd3 14. Re1 e4 15. Nfd4 Nd5 16. Qb7 Rd8 17. Nxc6 Bxe2 18. Rxe2 Rd7 19. Rxe4+ Kf7 20. Nxa7 c5 21. Nb5 Rxb7 22. Nxd6+ Bxd6 23. d4 Re7 24. Rxe7+ Kxe7 25. dxc5 Bxc5 26. Bd2 Kd7 27. a3 Re8 28. b4 Re2 29. Be1 Bd4 30. Rd1 Kc6 31. Kf1 Re4 32. f3 Ne3+ 33. Ke2 Re5 34. Rxd4 Nc2+ 35. Re4 Rg5 36. Rc4+ Kb5 37. Rxc2 Rxg2+ 38. Bf2 Ka4 39. h4 g5 40. hxg5 fxg5 41. Rc7 h5 42. Ra7+ Kb5 43. Ra5+ Kc4 44. Rc5+ Kb3 45. b5 g4 46. fxg4 hxg4 47. b6 Rh2 48. b7 g3 49. b8Q+ Ka4 50. Qb4# 1-0

[Event "Niedersachsen-ch op-B"]
[Site "Verden an der Aller"]
[Date "2020.01.04"]
[Round "5"]
[White "Brunner, Alexander1111"]
[Black "Wander, Dennis"]
[Result "1-0"]
[WhiteElo "1648"]
[BlackElo "1442"]
[PlyCount "85"]
[EventDate "2020.01.02"]
[EventType "swiss"]
[EventRounds "7"]
[EventCountry "GER"]
[SourceTitle "EXT 2023"]
[Source "ChessBase"]
[SourceDate "2022.10.05"]
[SourceVersion "1"]
[SourceVersionDate "2022.10.05"]
[SourceQuality "1"]

1. d4 d5 2. Nc3 c5 3. Bf4 Nf6 4. e3 cxd4 5. exd4 Bd7 6. Bd3 Nc6 7. Nf3 e6 8. Nb5 Rc8 9. Nd6+ Bxd6 10. Bxd6 Qb6 11. Bc5 Qxb2 12. 0-0 b6 13. Rb1 Qc3 14. Rb3 Qxb3 15. axb3 bxc5 16. dxc5 0-0 17. Bb5 Ne5 18. Bxd7 Nexd7 19. b4 a5 20. c3 Ne4 21. Qd4 Ndf6 22. Ne5 Rfd8 23. f3 Nxc5 24. bxc5 Nd7 25. Nxd7 Rxd7 26. Ra1 Ra7 27. c4 dxc4 28. Qxc4 h6 29. Qb5 a4 30. c6 Rac7 31. Rc1 a3 32. Qa4 a2 33. Qxa2 Kh7 34. Qb1+ g6 35. Qe4 Kg8 36. h3 h5 37. g4 hxg4 38. hxg4 Kf8 39. Kg2 Kg7 40. g5 Kg8 41. Kg3 Kg7 42. Qe5+ Kg8 43. Rh1 1-0

[Event "Niedersachsen-ch op C"]
[Site "Verden"]
[Date "2019.01.03"]
[Round "1"]
[White "Rick, Niklas Corvin"]
[Black "Wander, Dennis"]
[Result "0-1"]
[WhiteElo "1221"]
[BlackElo "1087"]
[PlyCount "112"]
[EventDate "2019.01.03"]
[EventType "swiss"]
[EventRounds "7"]
[EventCountry "GER"]
[SourceTitle "EXT 2022"]
[Source "ChessBase"]
[SourceDate "2021.10.06"]
[SourceVersion "1"]
[SourceVersionDate "2021.10.06"]
[SourceQuality "1"]

1. d4 d5 2. c4 dxc4 3. e3 Nf6 4. Bxc4 Bf5 5. Qb3 e6 6. Qxb7 Be4 7. Qb5+ Bc6 8. Qg5 h6 9. Qg3 Ne4 10. Qg4 h5 11. Qe2 Bb4+ 12. Nc3 Nxc3 13. bxc3 Bxc3+ 14. Bd2 Bxa1 15. Nf3 Bxf3 16. Qxf3 c6 17. Bb5 Qb6 18. Bd3 Nd7 19. Qg3 g6 20. Bxg6 fxg6 21. Qxg6+ Kd8 22. Qg5+ Kc8 23. 0-0 Bxd4 24. exd4 Qxd4 25. Rd1 Rf8 26. Qg3 Qe5 27. Qa3 Qc5 28. Qa6+ Kc7 29. Be3 Qb5 30. Qxb5 cxb5 31. Rc1+ Kd6 32. Rd1+ Ke7 33. Bg5+ Nf6 34. a4 b4 35. Rb1 Rab8 36. a5 Rb5 37. Bd2 Rfb8 38. h3 b3 39. Bc3 b2 40. Kh2 Kd6 41. Bxf6 e5 42. g4 hxg4 43. hxg4 Ke6 44. Bg5 Rxa5 45. Bc1 Ra1 46. Rxb2 Rxb2 47. Bxb2 Ra2 48. Bc1 Rxf2+ 49. Kg3 Rc2 50. Bh6 a5 51. g5 Kf7 52. Kf3 a4 53. g6+ Kxg6 54. Bf8 Rc3+ 55. Ke4 a3 56. Bb4 Rc4+ 0-1